000 01289nam a2200277 a 4500
001 991016165939704336
005 20260309094913.0
008 070820s2007 enk b 001 0 eng
020 _a9780230019218 (hbk.)
020 _a0230019218 (hbk.)
035 _a(CaACU)2575521-01ucalg_inst
035 _ai9780230019218
035 _a(OCoLC)166625185
_z(OCoLC)OCN166625185
040 _aUKM
_cUKM
_dBTCTA
_dBAKER
_dYDXCP
_dC#P
_dUtOrBLW
050 4 _aHM621
_b.B36 2007
100 _aBanks, Mark.
_926849
245 1 4 _aThe politics of cultural work
_c/ Mark Banks.
260 _aHoundmills, Basingstoke, Hampshire ;
_aNew York :
_bPalgrave Macmillan,
_c2007.
300 _aviii, 228 p. ;
_c23 cm.
504 _aIncludes bibliographical references (p. 205-219) and index.
520 _aThrough a wide-ranging study of labour in the cultural industries, this book critically evaluates how various sociological traditions - including critical theory, governmentality and liberal-democratic approaches - have sought to theorize the creative cultural worker, in art, music, media and design-based occupations.
650 0 _aCulture
_xEconomic aspects
_912179
650 0 _aEconomics
_xSociological aspects
_922359
650 0 _aCultural industries - Economic aspects.
_926850
942 _2lcc
999 _c5400
_d5400